Rádioaktivita prostredia

Enregistré dans:
Détails bibliographiques
Auteur principal: Šáro, Štefan
Autres auteurs: Tölgyessy, Juraj
Format: Livre
Langue:slovaque
Publié: Bratislava Alfa 1985
Édition:1. vyd.
Collection:Edícia matematicko-fyzikálnej literatúry
Tags: Ajouter un tag
Pas de tags, Soyez le premier à ajouter un tag!

MARC

LEADER 00000nam a2200000 4500
001 c023000
005 20221220082209.2
041 0 |a slo 
044 |a SK 
245 1 0 |a Rádioaktivita prostredia  |c Štefan Šáro, Juraj Tölgyessy 
250 |a 1. vyd. 
264 1 |a Bratislava  |b Alfa  |c 1985 
300 |a 303 s. 
490 1 |a Edícia matematicko-fyzikálnej literatúry 
830 0 |a Edícia matematicko-fyzikálnej literatúry 
100 1 |a Šáro, Štefan 
700 1 |a Tölgyessy, Juraj